| 000 | 00854nam a2200229Ia 4500 | ||
|---|---|---|---|
| 003 | GCL | ||
| 008 | 140319s9999 xx 000 0 ara d | ||
| 040 |
_aGCL / _cGCL |
||
| 082 | 0 | 4 |
_a956.904 _bس ا |
| 100 | 1 | _aسليمان صالح | |
| 245 | 1 | 0 |
_aانتفاضة الاقص : _bنموذج خضارى اسلامى للمقاومة / _cسليمان صالح |
| 250 | _aالاولى | ||
| 260 |
_aالقاهرة : _bمركز الاعلام العربى ، _c2003 |
||
| 300 |
_a224 ص ؛ _c24 سم |
||
| 490 |
_aكتاب القدس _v16 |
||
| 650 | 0 | 4 | _aالنزاع العربى الاسرائيلى |
| 650 | 0 | 4 | _aالمقاومة الفلسطينية |
| 650 | 0 | 4 | _aالانتفاضة الفلسطينية |
| 650 | 0 | 4 | _aالفدائيون الفلسطينيون |
| 650 | 0 | 4 | _aفلسطين - الاضطرابات السياسية |
| 942 |
_2ddc _cBK |
||
| 999 |
_c8887 _d8887 |
||